| 000 | 00707nam a2200181 4500 | ||
|---|---|---|---|
| 999 |
_c15875 _d15875 |
||
| 008 | 201217b ||||| |||| 00| 0 eng d | ||
| 022 | _a0732-8435 | ||
| 082 | _aDPer 657.05 C33 Sept - Mar 2015, v. 85 - 86 | ||
| 100 |
_942692 _a |
||
| 245 |
_aOne accounting firm's contributions to world war II: _bthe story of colonel carter and his colleagues at Deloitte's predecessor firms/ _cDale L. Flesher and three others. |
||
| 260 |
_aNew York: _bThe New York State Society of CPA, _c©2015. |
||
| 300 |
_av85 n11, pages 36-42: _billustrations; _c28 cm. |
||
| 650 |
_aAccounting. _942693 |
||
| 700 |
_aPrevits, G. J. _942697 |
||
| 700 |
_aJobe, M. E. _942698 |
||
| 700 |
_aSharp, A. D. _942699 |
||
| 942 |
_2ddc _cPER |
||